Geography Quiz

Random Geography or World Quiz

Greetings from Around the World Quiz Stats

Quiz Updated Feb 23, 2016

Challenge
Share
Tweet
Score 0/20 Timer 06:00
4 Plays Today
% Correct
China
99.5%
United States
92.7%
Ireland
86.7%
Argentina
78.7%
Mongolia
75.6%
Spain
74.7%
Tanzania
72.7%
Denmark
70.8%
Ecuador
67.3%
Australia
63.5%
% Correct
Panama
60.1%
Finland
56.1%
Bhutan
55.4%
Liberia
53.7%
Fiji
49.4%
Singapore
46.3%
United Kingdom
39.1%
Cuba
34.3%
Iraq
23.8%
Bulgaria
11.8%

You're not logged in!

Compare scores with friends on all Sporcle quizzes.
Join for Free
OR
Log In

You Might Also Like...

Show Comments

Extras

Top Quizzes Today


Score Distribution

Your Account Isn't Verified!

In order to create a playlist on Sporcle, you need to verify the email address you used during registration. Go to your Sporcle Settings to finish the process.

Report this User

Report this user for behavior that violates our Community Guidelines.

Details: